Handbook of rubber statistics (Record no. 40829)

MARC details
000 -LEADER
fixed length control field 00303nam a2200109Ia 4500
082 ## - DEWEY DECIMAL CLASSIFICATION NUMBER
Classification number NR:31(035)1993
Item number HAN;1
245 #0 - TITLE STATEMENT
Title Handbook of rubber statistics
250 ## - EDITION STATEMENT
Edition statement Ed.3
260 ## - PUBLICATION, DISTRIBUTION, ETC. (IMPRINT)
Place of publication Bombay
Name of publisher All India Rubber Industries Association
Year of publication 1993
942 ## - ADDED ENTRY ELEMENTS (KOHA)
Koha item type Reference
Holdings
Withdrawn status Lost status Damaged status Not for loan Home library Current library Date acquired Full call number Accession Number Koha item type
        RRII Library RRII Library 16/12/2021 NR:31(035)1993 HAN;1 21123 Books